| 000 | 00874nam a22002177a 4500 | ||
|---|---|---|---|
| 003 | AM-YeHGA | ||
| 040 | _aAM-YeHGA | ||
| 090 | _c429639 | ||
| 005 | 20250617155143.0 | ||
| 008 | 190306b ||||| |||| 00| 0 rus d | ||
| 041 | 0 | _arus | |
| 100 | 1 | _aГолова, Ольга Пантелеймоновна | |
| 245 | 1 | 0 |
_aО молекулярном весе целлюлозы / _cО.П. Голова и В.И. Иванов ; АН СССР, Ин-т орган. химии |
| 260 |
_aМосква ; _aЛенинград : _bИзд-во АН СССР, _c1949. |
||
| 300 |
_a116 с. : _bил. |
||
| 504 | _aБиблиогр.: с. 112-115 | ||
| 650 | 1 | 4 |
_aЦеллюлоза _xМолекулярный вес |
| 700 | 1 | _aИванов, Владимир Иванович | |
| 710 | 2 | _aИнститут органической химии АН СССР | |
| 942 |
_2udc _cBK |
||
| 999 |
_c427155 _d427155 |
||